000 00783nam a2200253 a 4500
001 43340
003 BD-RjUL
005 20211209053703.0
008 160621s1971 ii a j 000 1 eng
035 _a(BD-RjUL)43458
040 _aDLC
_cDLC
_dDLC
_dBD-RjUL
_beng
041 _aeng
082 _223
_a398.2325475
_bBOF 1971
100 1 _aBose, Tara.
_9133129
245 1 0 _aFolk tales of Gujarat /
_cTara Bose
250 _a[1st ed.]
260 _aNew Delhi :
_bSterling Publishers,
_c1971
300 _a119 p. :
_bill. ;
_c23 cm.
650 0 _aGujaratis (Indic people)
_xFolklore.
_9133131
650 0 _aTales
_zIndia
_zGujarat.
_9133132
830 _aFolk tales of India series :
_v20 Volumes
_9133138
942 _2ddc
_cBK
999 _c43340
_d43340